Score 0/12 Timer 02:00
0 Plays Today
Scrambled country Unscrambled country % Correct
YKUTRETurkey
97.7%
SAERLIIsrael
93.9%
TPEGYEgypt
91%
RAUYUGUUruguay
84.1%
YMREAGNGermany
81.9%
ICMADOBACambodia
78%
VTAILALatvia
76%
GROEAIGGeorgia
75.5%
LOGANAAngola
73.2%
DOALPNPoland
73%
NROARDAAndorra
45.5%
Capital spelled by the first letters:Tegucigalpa
37.8%

You're not logged in!

Compare scores with friends on all Sporcle quizzes.
OR
Log In

Sporcle TV

Today on Sporcle TV


Watch our educational content, quiz creation guides, and fun videos on Sporcle TV.

Show Comments

Extras

Top Quizzes Today


Score Distribution

Your Account Isn't Verified!

In order to create a playlist on Sporcle, you need to verify the email address you used during registration. Go to your Sporcle Settings to finish the process.

Report this User

Report this user for behavior that violates our Community Guidelines.

Details: